Introduction to batik

Bibliographic Details
Main Author: Griffin, Heather
Other Authors: Hone, Margaret
Format: Book
Published: Kent : Search Press , 1989
Subjects:

MARC

LEADER 00000cam a2200000 7i4500
001 0000004309
002 000004630
005 20000330.0
020 |a 0855326190 
090 0 0 |a 746.6   |b GRI 
100 1 |a Griffin, Heather 
245 1 0 |a Introduction to batik   |c Heather Griffin and Margaret Hone 
260 |a Kent :   |b Search Press ,   |c 1989 
300 |a 48p. :   |b ill ;   |c 26cm. 
650 0 0 |a Batik 
700 1 |a Hone, Margaret 
999 |a 031441   |b BUKU   |c PINJAMAN   |e PERPUSTAKAAN KOMUNITI PETALING JAYA 
999 |a 031442   |b BUKU   |c PINJAMAN   |e PERPUSTAKAAN KOMUNITI PETALING JAYA 
999 |a 083561   |b BUKU   |c PINJAMAN   |e PERPUSTAKAAN KOMUNITI PETALING JAYA